Technologies in Civilization V - Statistics

General Stats
  • This quiz has been taken 203 times
  • The average score is 39 of 73
Answer Stats
Hint Answer % Correct
Ancient Era Mine Mining
91%
Ancient Era Library Writing
86%
Ancient Era Archer Archery
84%
Ancient Era Horses Animal Husbandry
83%
Renaissance Era Musketeer Gunpowder
78%
Classical Era Swordsman Iron Working
78%
Ancient Era Walls Masonry
77%
Ancient Era Great Lighthouse Sailing
77%
Ancient Era Spearman Bronze Working
76%
Ancient Era Granary Pottery
74%
Medieval Era University Education
71%
Renaissance Era Observatory Astronomy
70%
Ancient Era Road The Wheel
70%
Renaissance Era Bank Banking
67%
Classical Era Catapult Mathematics
67%
Medieval Era Trebuchet Physics
66%
Medieval Era Longswordsman Steel
66%
Medieval Era Knight Chivalry
65%
Ancient Era Stonehenge Calendar
64%
Industrial Era Fighter Flight
64%
Modern Era [Reveal the map] Satellites
64%
Medieval Era Market Currency
63%
Classical Era Stable Horseback Riding
63%
Classical Era Lighthouse Optics
63%
Classical Era Oracle Philosophy
63%
Ancient Era Camp Trapping
63%
Renaissance Era Cannon Chemistry
62%
Medieval Era Monastery Theology
61%
Modern Era Atomic Bomb Nuclear Fission
60%
Industrial Era Broadcast Tower Radio
60%
Renaissance Era Rifleman Rifling
60%
Renaissance Era Big Ben Economics
58%
Industrial Era Railroad Railroad
58%
Renaissance Era Seaport Navigation
57%
Industrial Era Hospital Biology
56%
Renaissance Era [Increased Food] Fertilizer
56%
Future Era [Points] Future Tech
54%
Future Era Giant Death Robot Nuclear Fusion
54%
Modern Era Research Lab Plastics
54%
Renaissance Era Louvre Archaeology
53%
Medieval Era Aqueduct Engineering
53%
Modern Era Apollo Program Rocketry
53%
Medieval Era Harbor Compass
52%
Medieval Era Pikeman Civil Service
51%
Renaissance Era Lancer Metallurgy
51%
Classical Era Great Wall Construction
48%
Industrial Era Stock Exchange Electricity
47%
Industrial Era Submarine Refrigeration
47%
Modern Era Stealth Bomber Stealth
47%
Renaissance Era Opera House Acoustics
46%
Industrial Era Artillery Dynamite
46%
Medieval Era Crossbowman Machinery
43%
Renaissance Era Theatre Printing Press
43%
Modern Era Bomber Radar
43%
Industrial Era Tank Combustion
41%
Modern Era United Nations Globalization
40%
Modern Era Medical Lab Penicillin
40%
Modern Era Mobile SAM Computers
38%
Renaissance Era Cavalry Military Science
38%
Industrial Era Statue of LIberty Replaceable Parts
38%
Modern Era Solar Plant Ecology
37%
Modern Era Manhattan Project Atomic Theory
36%
Modern Era Mechanized Infantry Electronics
35%
Industrial Era Factory Steam Power
35%
Renaissance Era Public School Scientific Theory
34%
Medieval Era Forge Metal Casting
33%
Modern Era Modern Armor Lasers
32%
Modern Era Stadium Mass Media
29%
Modern Era Spaceship Factory Robotics
26%
Future Era SS Stasis Chamber Nanotechnology
25%
Modern Era Nuclear Missile Advanced Ballistics
24%
Future Era SS Engine Particle Physics
19%
Industrial Era Battleship Telegraph
16%
No matching quizzes found
Score Distribution
Percent of People with Each Score
Percentile by Number Answered
Your Score History
You have not taken this quiz